000 00900nam a22002651u 4500
001 07337
003 HDC
007 cr bn ---aaaaa
008 210127p2014 o d 00 engg
040 _aHDC
100 _a Sulinthone, Sengdala
_eauthor
_97869
245 0 _aControl System of Meat and Animal Products / by
_cSengdala Sulinthone
260 _a[No Place] :
_b[publisher not identified],
_c[no year]
300 _a15 pages :
_billustrations
336 _atext
_2rdacontent
337 _acomputer
_2rdamedia
338 _aonline resource
_2rdacarrier
650 _aanimal product
_97870
650 _alivestock
_92405
650 _aMeat product
_9382
856 _zRequest full-text at [email protected]
942 _2lcc
942 _cSLIDE
942 _kSLID 000762
999 _c4661
_d4661